Taking Confucian ethics seriously (Record no. 182252)
[ view plain ]
| 000 -LEADER | |
|---|---|
| fixed length control field | 01523nam a2200373Ia 4500 |
| 082 04 - DEWEY DECIMAL CLASSIFICATION NUMBER | |
| Classification number | 170.951 |
| 245 00 - TITLE STATEMENT | |
| Title | Taking Confucian ethics seriously |
| 260 ## - PUBLICATION, DISTRIBUTION, ETC. (IMPRINT) | |
| Place of publication | Albany : |
| Name of publisher | State University of New York Press, |
| Year of publication | c2010. |
| 300 ## - PHYSICAL DESCRIPTION | |
| Number of Pages | vii, 225 p. |
| 490 1# - SERIES STATEMENT | |
| Series statement | SUNY series in Chinese philosophy and culture |
| 650 #0 - SUBJECT ADDED ENTRY--TOPICAL TERM | |
| Topical Term | Confucian ethics. |
| Topical Term | Religious ethics. |
| 700 1# - ADDED ENTRY--PERSONAL NAME | |
| Personal name | Yu, Kam-por, |
| Personal name | Tao, Julia Lai Po-Wah, |
| Personal name | Ivanhoe, P. J. |
| 856 40 - ELECTRONIC LOCATION AND ACCESS | |
| Uniform Resource Identifier | http://site.ebrary.com/lib/rucke/Doc?id=10574127 |
No items available.
